000 00635nam a2200181Ia 4500
008 090124s9999 xx 000 0 und d
082 _b47480
100 _aभोळे भास्कर लक्ष्मण
245 _a संदर्भ दलित चळवळीचा
250 _a1
260 _c2008
300 _a229
600 _aभोळे भास्कर लक्ष्मण
630 _a संदर्भ दलित चळवळीचा
700 _aभोळे भास्कर लक्ष्मण
730 _a संदर्भ दलित चळवळीचा
942 _cBOOK
999 _c113783
_d113783